00934nam a2200217 a 4500003000200000005001700002008004100019050002900060100003200089245014900121260009100270300004000361504004100401650002500442650002500467650003100492650003400523942001400557999001700571952012800588020250207102534.0130829s19uu xx 00 eng d aPGS LB 1027b.T649 2013  aTolenada, Wayna Isabelle H. aSponsorship and the extent of 5C's manifested by Grade 6 students of Southville International school and Colleges /cWayna Isabelle H. Tolenada. aLas Piñas City, Philippines :bSouthville International School and Colleges, c2013. a45 pages :billustrations ;c28 cm. aIncludes bibliographical references. aCharacter education. aStudent development. aSocial skills in children. aEducational support programs. 2lcccPASS c99009d99009 00102lcc40aLUXbLUXcPASSd2013-08-29eDONATIONl0oPGS LB 1027 .T649 2013pP3110r2014-04-08 00:00:00w2014-04-08yPASS